[Event "PCA-World-ch Kasparov-Short +6-1=13"]
[Site "London"]
[Date "1993.09.25"]
[Round "9"]
[White "Kasparov, Garry"]
[Black "Short, Nigel D"]
[Result "1-0"]
[WhiteElo "2805"]
[BlackElo "2655"]
[Annotator "Ftacnik,Lubomir"]
[PlyCount "103"]
[EventDate "1993.09.07"]
[EventType "match"]
[EventRounds "20"]
[EventCountry "ENG"]
[SourceTitle "CBM 036"]
[Source "ChessBase"]
[SourceDate "1993.10.01"]
[SourceVersion "1"]
[SourceVersionDate "1993.10.01"]
[SourceQuality "1"]

1. d4 Nf6 2. c4 e6 3. Nc3 Bb4 4. Qc2 d5 5. cxd5 exd5 6. Bg5 h6 7. Bh4 c5 8. dxc5 g5 9. Bg3 Ne4 10. e3 Qa5 11. Nge2 $1 $146 Bf5 12. Be5 O-O (12... Ng3 13. Qb3 Nxh1 14. Bxh8 $16) (12... Nxf2 $2 13. Qxf5 Nxh1 14. Qc8+ Qd8 15. Qxd8+ Kxd8 16. Bxh8 $18) (12... Nxc3 13. Qxf5 Ne4+ (13... Nxe2+ 14. Kxe2 O-O 15. Kf3 Nc6 16. Bf6 Rfe8 17. Bd3 $18) 14. Nc3 O-O (14... Nxc3 $2 15. Qc8+ Qd8 16. Qxd8+ Kxd8 17. bxc3 $18) 15. Bd3 $16) 13. Nd4 Bg6 (13... Nxc3 14. Qxf5 (14. Nxf5 Ne4+ 15. Kd1 (15. Ke2 Qa6+ 16. Kf3 Qe6 $1) 15... Qxc5 16. Qxc5 Bxc5 17. Nxh6+ Kh7 18. Ng4 f5 $132) 14... Ne4+ (14... Nxa2+ 15. Ke2 $16) 15. Kd1 (15. Ke2 Bxc5 16. Nb3 Qa6+ 17. Kf3 Qe6 18. g4 Nc6 $13) 15... Bxc5 16. Nb3 Qa4 17. Bd3 $16) 14. Nb3 Nxc3 (14... Qd8 15. Bd3 $16) 15. Bxc3 $1 (15. Nxa5 Na4+ 16. Bc3 Bxc3+ 17. Qxc3 Nxc3 18. bxc3 b6 $14) 15... Bxc2 16. Nxa5 Bxc3+ (16... Bxc5 17. Nxb7 $16) 17. bxc3 b6 18. Kd2 $1 (18. Nb3 $5) 18... bxa5 $146 (18... Ba4 19. cxb6 axb6 20. Nb7 Bb3 21. a3 $16) (18... Bg6 19. Nb3 $16) ({RR} 18... Ba4 19. cxb6 axb6 20. Nb7 Nd7 21. Bd3 f5 22. Nd6 Nc5 23. Rhb1 Ne4+ 24. Bxe4 fxe4 25. f3 exf3 26. gxf3 Rxf3 27. Rxb6 Rf2+ 28. Kd3 Rxh2 29. Kd4 g4 30. Kxd5 h5 31. Ne4 Bc2 32. Nf6+ Kg7 33. Rg1 {Agafii,V (2280)-Bets,A (2370) Kishinev 2005 0-1 (116)}) 19. Kxc2 Rc8 20. h4 Nd7 (20... Rxc5 21. hxg5 hxg5 22. Rh5 f6 23. Bd3 Nd7 24. Rah1 $40) (20... g4 21. Be2 h5 22. f3 $16) 21. hxg5 Nxc5 $1 (21... hxg5 22. Rh5 f6 23. Bb5 Nxc5 24. Rah1 Ne4 25. Bc6 $1 Rxc6 26. Rh8+ $18) 22. gxh6 Ne4 23. c4 $8 (23. Rh4 Rxc3+ 24. Kd1 Nxf2+ $36) 23... Nxf2 (23... dxc4 $2 24. Rh4 Nxf2 25. Bxc4 $18) 24. Rh4 $1 f5 (24... Kh7 25. Rd4 dxc4 26. Bxc4 f5) 25. Rd4 (25. Rf4 Ng4 26. Kd2 dxc4 27. Bxc4+ Kh7) 25... dxc4 (25... Ng4 26. Kd2 dxc4 27. Bxc4+ Kh7 28. Rf1) 26. Bxc4+ Kh7 27. Rf1 Ng4 (27... Ne4 28. Rxf5 Nd6 29. Rxd6 Rxc4+ 30. Kd3 $16) 28. Kd2 Rab8 (28... Nxh6 29. Bd3 Rc5 30. g4 $16) 29. Rxf5 Rb2+ 30. Kd3 Rxg2 (30... Nf2+ $2 31. Kc3 Rxa2 32. Kb3 $18) 31. Be6 (31. Rd7+ Kxh6 32. Rd6+ Kg7 33. Be6 Rc1 34. Rf7+ Kg6 35. Bb3+ (35. Bd5+ Kg5 36. Rg7+ Kh4 37. Bxg2 Rd1+ 38. Ke2 Rxd6 39. Rxa7 Rb6 $132) 35... Kh5 36. Rd5+ Kh4 37. Rxa5 $16) 31... Rc7 $8 32. Rxa5 Nf2+ (32... Nxh6 33. Rd7+ Rg7 34. Rxc7 Rxc7 35. e4 $16) 33. Ke2 Rh2 (33... Nh1+ 34. Kf3 Rf2+ 35. Kg4 Rg2+ 36. Kh3 $16) 34. Kf3 Nh1 35. Rd7+ Rxd7 36. Bxd7 Kxh6 37. Rxa7 $18 Kg5 38. Ra5+ Kf6 39. Bc6 (39. a4 $18) 39... Rc2 40. Rf5+ Ke7 (40... Kxf5 $2 41. Be4+ Ke5 42. Bxc2 $18) 41. Bd5 Kd6 (41... Rf2+ 42. Kg4 Rxf5 43. Kxf5 Ng3+ 44. Ke5 $18) 42. Rh5 Rd2 43. Rxh1 $6 (43. e4 $1 Nf2 44. Ke3 Rb2 45. Rh6+ $18) 43... Rxd5 44. a4 Ra5 45. Ra1 $2 (45. Rd1+ Ke5 46. Rd4 $18) 45... Ke5 46. e4 (46. Ke2 $5 Ke4 47. Ra3 Kd5 48. Kd3) 46... Ke6 $2 (46... Rc5 $1 47. a5 Rc3+ 48. Kg4 Kxe4 49. a6 Rc8 50. a7 Ra8 51. Ra5 Kd4 52. Kf5 Kc4 53. Ke6 Kb4 54. Ra1 Kc5 55. Kd7 Kb6 56. Rb1+ Kc5 57. Rb7 Rh8 $10) 47. Ke3 Kd6 48. Kd4 Kd7 49. Kc4 Kc6 50. Kb4 Re5 51. Rc1+ Kb6 52. Rc4 1-0

[Event "Linares 08th"]
[Site "Linares"]
[Date "1990.??.??"]
[Round "4"]
[White "Kasparov, Garry"]
[Black "Spassky, Boris Vasilievich"]
[Result "1-0"]
[WhiteElo "2800"]
[BlackElo "2560"]
[Annotator "Ftacnik,Lubomir"]
[PlyCount "57"]
[EventDate "1990.02.??"]
[EventType "tourn"]
[EventRounds "11"]
[EventCountry "ESP"]
[EventCategory "16"]
[SourceTitle "CBM 017"]
[Source "ChessBase"]
[SourceDate "1990.08.01"]
[SourceVersion "1"]
[SourceVersionDate "1990.08.01"]
[SourceQuality "1"]

1. d4 Nf6 2. c4 e6 3. Nc3 Bb4 4. Qc2 d5 5. cxd5 exd5 6. Bg5 h6 7. Bh4 c5 8. dxc5 Nc6 (8... g5 9. Bg3 d4 10. O-O-O Qa5 11. Rxd4 Nc6 12. Rd6 Ke7 $5 $13 {Spassky}) 9. e3 g5 10. Bg3 Ne4 (10... Qa5 11. Nf3 Ne4 12. Nd2 $1 Nxc3 13. bxc3 Bxc3 14. Rb1 a6 $6 (14... Bb4 $5) 15. Bd6 $16 {Glek-Juferov/USSR/1989/}) 11. Nf3 Qf6 12. Bb5 $5 {N} (12. Rc1 Bf5 13. Bd3 h5 14. h4 g4 15. Ng5 Nxc3 16. bxc3 Qxc3+ 17. Qxc3 Bxd3 18. Bd6 Bf5 19. f3 Bxc3+ 20. Rxc3 f6 21. fxg4 Bxg4 22. Nf3 $10 {Gelfand,B-Balashov,J/USSR/1989/}) 12... Nxc3 13. Bxc6+ bxc6 (13... Qxc6 14. bxc3 Ba5 15. Be5 $16) 14. a3 $146 ({RR} 14. Be5 Ne4+ 15. Kd1 Qg6 16. Bxh8 Bf5 17. Qa4 a5 18. Ne5 Qh5+ 19. f3 Rc8 20. Ke2 Nxc5 21. Qd1 {0-1 (21) Gerard,N (2286)-Fantin,L (2271) France 2006}) 14... g4 15. Be5 Ne4+ 16. axb4 Qf5 17. Bxh8 gxf3 18. Rg1 Qg4 $2 (18... fxg2 $1 19. Qe2 Ng5 20. f4 Ne4 $16) 19. Qd1 Ng5 20. Qd4 Ne4 21. Qe5+ Be6 22. Qf4 Qg6 23. Qxf3 f6 24. Qf4 Kf7 25. f3 Ng5 26. Kd2 $1 Qf5 27. h4 Qxf4 28. exf4 Nh7 29. g4 {Ftacnik,L} (29. g4 Rxh8 30. Rxa7+ Kg8 31. Re1 Nf8 32. f5 Bd7 33. Re7 Rh7 34. Rxh7 Kxh7 35. b5 $18) 1-0

[Event "Olympiad-27"]
[Site "Dubai"]
[Date "1986.11.24"]
[Round "9"]
[White "Kasparov, Garry"]
[Black "Spassky, Boris Vasilievich"]
[Result "1/2-1/2"]
[WhiteElo "2595"]
[BlackElo "2590"]
[PlyCount "22"]
[EventDate "1986.11.15"]
[EventType "team-swiss"]
[EventRounds "14"]
[EventCountry "UAE"]
[SourceTitle "TD"]
[Source "ChessBase"]
[SourceDate "1994.03.01"]
[SourceVersion "1"]
[SourceVersionDate "1994.03.01"]
[SourceQuality "1"]
[WhiteTeam "Soviet Union"]
[BlackTeam "France"]
[WhiteTeamCountry "URS"]
[BlackTeamCountry "FRA"]

1. d4 Nf6 2. Nf3 e6 3. c4 Bb4+ 4. Nc3 c5 5. g3 Nc6 6. Bg2 Qa5 7. d5 Bxc3+ 8. bxc3 exd5 ({RR} 8... Ne7 9. Qd3 exd5 10. cxd5 Nexd5 11. Bd2 Qa6 12. c4 Ne7 13. e4 d5 14. exd5 Nexd5 15. Qe2+ Ne7 16. O-O Be6 17. Ne5 Rd8 18. Bg5 O-O 19. Rfb1 Bc8 20. Qe3 h6 21. Qxc5 hxg5 22. Qxe7 Rde8 23. Qc7 {Polugaevsky,L (2600)-Kortschnoj,V (2630) Tilburg 1985 0-1 (69)}) 9. cxd5 Nxd5 10. Bd2 Nf6 11. c4 $146 ({RR} 11. O-O O-O 12. c4 Qd8 13. Bc3 Ne4 14. Bb2 d6 15. Qd3 Re8 16. Nh4 Nb4 17. Qb3 f5 18. a3 Nc6 19. Rad1 Na5 20. Qd3 Be6 21. Nxf5 Bxf5 22. Qd5+ Be6 23. Qxe4 Nxc4 24. Ba1 d5 25. Rxd5 Bxd5 {Abbasov,F (2487)-Imomkuzieva,N (1481) Moscow 2022 1-0 (45)}) 11... Qd8 1/2-1/2

[Event "Olympiad-27"]
[Site "Dubai"]
[Date "1986.11.25"]
[Round "10"]
[White "Kasparov, Garry"]
[Black "Suba, Mihai"]
[Result "1/2-1/2"]
[WhiteElo "2595"]
[BlackElo "2430"]
[PlyCount "126"]
[EventDate "1986.11.15"]
[EventType "team-swiss"]
[EventRounds "14"]
[EventCountry "UAE"]
[SourceTitle "TD"]
[Source "ChessBase"]
[SourceDate "1994.03.01"]
[SourceVersion "1"]
[SourceVersionDate "1994.03.01"]
[SourceQuality "1"]
[WhiteTeam "Soviet Union"]
[BlackTeam "Romania"]
[WhiteTeamCountry "URS"]
[BlackTeamCountry "ROU"]

1. d4 {Kramnik,Vladimir} Nf6 2. c4 e6 3. Nc3 Bb4 4. Nf3 c5 5. g3 cxd4 6. Nxd4 O-O 7. Bg2 d5 8. Qb3 ({RR} 8. cxd5 Nxd5 9. Qb3) 8... Bxc3+ 9. bxc3 Nc6 10. cxd5 Na5 11. Qc2 Nxd5 12. Qd3 ({RR} 12. O-O Qc7 ({RR} 12... Bd7) 13. Re1 ({RR} 13. e4 Nxc3 ({RR} 13... Nb6) 14. Bb2 ({RR} 14. Bd2 Ne2+ 15. Kh1 Qxc2 16. Nxc2 Nc6) 14... Nb5 15. Qxc7 Nxc7) 13... Bd7 ({RR} 13... Rd8 14. e4) 14. e4 Nb6 ({RR} 14... Nxc3 15. Bd2 Rac8 16. Rac1) 15. e5 Ba4 ({RR} 15... Rfc8) 16. Qd3 Qc4 ({RR} 16... Rac8 17. Be4) 17. Qf3 ({RR} 17. Qxc4 Nbxc4 18. Rb1 Rab8 19. f4) 17... Nc6 18. Re4 ({RR} 18. Qg4 Bc2 ({RR} 18... Kh8) ({RR} 18... h5 19. Qh4 Qxc3 ({RR} 19... Nd5)) 19. Ba3 ({RR} 19. Bh6 Bg6) 19... Rfc8) 18... Nxd4 19. Rxd4 Bc6 20. Rxc4 Bxf3 21. Rc7 Bxg2 22. Kxg2 Rab8 23. Rb1 Rfc8 24. Rxc8+ Rxc8 25. Rb3 ({RR} 25. Be3 Rxc3 26. Bxb6 axb6 27. Rxb6 Rc7) 25... h5 26. Be3 Nd5 {Nakamura,H (2770)-Kramnik,V (2781) Dortmund 2011 CBM 144 [Kramnik,Vladimir] 0-1 (47)} {RR} 27. Bxa7 Rxc3 28. Rxc3 ({RR} 28. Rxb7 Ra3) 28... Nxc3 29. a3) ({RR} 12. O-O Bd7 13. e4 Nb6 14. a4 e5 15. Nf5 Be6 16. Ba3 Re8 17. Bb4 Nbc4 18. Rfd1 Qc7 19. Qe2 f6 20. h4 g6 21. Nd6 Nxd6 22. Bxd6 Qf7 23. Bb4 Nc4 24. a5 Rad8 25. Rxd8 Rxd8 26. Rd1 Qc7 {Djukic,S (2080)-Gallagher,D (2203) Stockholm SWE 2025 0-1 (45)}) 12... Qc7 ({RR} 12... Bd7 13. c4 Ne7 14. O-O Rc8 15. Nb3 Nxc4 16. Bxb7 Rc7 17. Ba6 Ne5 18. Qe3 Nc4 19. Qe4 Nd6 20. Qd3 Rc6 21. Ba3 Bc8 22. Bxc8 Ndxc8 23. Rfd1 Qxd3 24. Rxd3 Re8 25. Rad1 f6 26. Nd4 Rb6 27. Bc5 {Kasparov,G (2740)-Karpov,A (2705) London/Leningrad 1986 1-0 (40)}) 13. O-O $146 ({RR} 13. Nb5 Qc6 14. a4 a6 15. e4 Nb6 16. Ba3 Re8 17. Nd6 Rd8 18. O-O e5 19. Rfd1 Bg4 20. Bf3 Be6 21. Qe3 Nbc4 22. Nxc4 Nxc4 23. Qg5 Rxd1+ 24. Rxd1 f6 25. Qc1 Qxa4 26. Be7 Qe8 27. Bc5 Qc6 {Shchukin,D (2400)-Aseev,K (2525) St Petersburg 1998 0-1 (32)}) ({RR} 13. Nb5 Qc6) ({RR} 13. Nb5 Qc6 14. O-O Bd7 15. a4 a6 16. c4 axb5 {½-½ (16) Dumitrescu,D (2290)-Cordy,S Odorheiu Secuiesc 1993}) 13... Bd7 14. e4 Nb6 15. f4 e5 16. fxe5 Nac4 17. g4 Nxe5 18. Qg3 Nbc4 19. Bf4 Qc5 20. Rae1 Rad8 21. g5 Rfe8 22. Kh1 b5 23. Rd1 Bc8 24. h4 Bg4 25. Nb3 Qc8 26. Rd5 Rxd5 27. exd5 Bh5 28. Nd4 Ng6 29. Bc1 Qd7 30. Nf5 Re5 31. Qf2 Be2 32. Re1 Rxf5 33. Qxe2 Re5 34. Qf2 Rxe1+ 35. Qxe1 Qg4 36. Kh2 Qxh4+ 37. Qxh4 Nxh4 38. Bf1 Nf5 39. a4 a6 40. axb5 axb5 41. Bd3 Nfd6 42. Bf4 Kf8 43. Kg3 Ke7 44. Bc1 Ne5 45. Bc2 Ndc4 46. Kf4 Kd6 47. Ke4 Kc5 48. Bb3 Ng6 49. Bxc4 Kxc4 50. Be3 Nf8 51. Bd4 h5 52. Bxg7 Nd7 53. d6 Kc5 54. Be5 h4 55. Bf4 Kc4 56. Bd2 h3 57. Kf3 Kd5 58. Be1 Ne5+ 59. Kg3 Ke4 60. c4 bxc4 61. Bc3 Nd7 62. Kxh3 Kd3 63. Bb2 Ke4 1/2-1/2

[Event "Match/Training Kasparov-Tal +1-0=1"]
[Site "Baku"]
[Date "1980.??.??"]
[Round "1"]
[White "Kasparov, Garry"]
[Black "Tal, Mihail"]
[Result "1/2-1/2"]
[WhiteElo "2595"]
[BlackElo "2705"]
[PlyCount "54"]
[EventDate "1980.??.??"]
[EventType "match"]
[EventRounds "2"]
[EventCountry "URS"]
[SourceTitle "EXT 2004"]
[Source "ChessBase"]
[SourceDate "2003.11.25"]
[SourceVersion "1"]
[SourceVersionDate "2003.11.25"]
[SourceQuality "1"]

1. d4 {Winants,Luc} Nf6 2. c4 e6 3. Nc3 Bb4 4. e3 O-O 5. Nge2 d5 6. a3 Be7 7. cxd5 Nxd5 8. g3 ({RR} 8. Qc2) 8... Nxc3 9. Nxc3 ({RR} 9. bxc3 Qd5 10. Rg1 c5) 9... c5 10. dxc5 ({RR} 10. d5 Bf6 ({RR} 10... exd5 11. Nxd5 Be6 12. Bg2 Nc6 ({RR} 12... Qd7 13. O-O Rd8 14. e4 Nc6 15. Be3) 13. O-O Qd7 14. e4 Bxd5 15. exd5 Nd4 16. b4) 11. Bg2 Bxc3+ 12. bxc3 exd5 13. Qxd5 ({RR} 13. Bxd5 Bh3 ({RR} 13... Qe7) 14. Bxb7 ({RR} 14. Bxf7+ Kxf7 15. Qh5+ Kg8 16. Qxh3 Qd3) 14... Nd7 15. Qh5 ({RR} 15. Bxa8 Qxa8 16. f3 Ne5 17. Kf2 Rd8 18. Qe2 Ng4+ ({RR} 18... Bg4 19. Rd1 Bxf3 20. Rxd8+ Qxd8) 19. Ke1 Ne5 20. Kf2 Ng4+) 15... Rb8 ({RR} 15... Qf6 16. Bd2 Rab8 17. Be4) 16. Qxh3 ({RR} 16. Be4 Nf6 17. Bxh7+ Nxh7 18. Qxh3 Qd3) ({RR} 16. Bf3 Qf6 17. Bd2) 16... Rxb7 17. O-O Qf6) 13... Qe7 14. Rb1 ({RR} 14. O-O Nc6) 14... Nc6 ({RR} 14... Rd8 15. Qh5 ({RR} 15. Rxb7 Bxb7 16. Qxb7 Nd7)) 15. O-O Be6 16. Qh5 Rad8 17. e4 Ba2 18. Ra1 ({RR} 18. Rb2 Bc4 19. Re1 Ne5) 18... Bc4 19. Re1 Ne5 20. Be3 g6 21. Qh4 ({RR} 21. Qh6 Ng4 22. Qg5 Qxg5 23. Bxg5 f6 24. Bf4 g5 25. Bc1 Ne5) 21... Qxh4 22. gxh4 b6 23. Bh6 Rfe8 24. h3 ({RR} 24. Bg5 Rd3 25. Re3 ({RR} 25. Bf6 Ng4 26. Bg5 f6) 25... Kg7 26. Rxd3 Nxd3 27. Be3) 24... f6 {Shaked,T (2500)-Kramnik,V (2770) Tilburg 1997 CBM 061 [Winants,Luc] 0-1 (35)} {RR} 25. f4 Nf7) ({RR} 10. Bg2 cxd4 11. exd4 Bf6 12. Be3 Nc6 13. d5 exd5 14. Qxd5 Be6 15. Qxd8 Rfxd8 16. O-O Bxc3 17. Bxc6 bxc6 18. bxc3 a5 19. Rfd1 a4 20. Bc5 Bb3 21. Rd4 Re8 22. Kf1 Ra5 23. Bd6 c5 24. Rf4 h6 {Mattenberger,M (1839)-Romanishin,O (2419) Arco 2021 0-1}) 10... Bxc5 ({RR} 10... Qxd1+ 11. Nxd1 Bxc5 12. Bg2 ({RR} 12. b4 Be7 13. Bb2 Bd7 14. Bg2 Bc6 15. Rg1 Bxg2 16. Rxg2 Rc8) 12... Be7 13. Bd2 ({RR} 13. b4 a5 14. b5) 13... Nd7 14. b4 Rb8 15. Nb2 b6 16. O-O Bf6 17. Rab1 Ba6 18. Rfc1 Rbc8 19. Nd1 Bd3 20. Rxc8 Rxc8 21. Rc1 Rc2 22. Rxc2 Bxc2 23. Nc3 Ne5 24. Nb5 Nc4 25. Bc1) 11. b4 $146 ({RR} 11. Bg2 Qxd1+ 12. Kxd1 Nd7 13. Bd2 Ne5 14. Ne4 Be7 15. Bc3 Nc4 16. Rc1 Rd8+ 17. Ke2 Bd7 18. Rhd1 Bb5 19. Ke1 Bc6 20. Bd4 Na5 21. Rc3 Bd5 22. f3 Nc6 23. Rcd3 Nxd4 24. Rxd4 Rac8 25. Nc3 Bc6 {Tologontegin,S (2331)-Delorme,A (2492) Moscow 2011 ½-½ (52)}) 11... Qxd1+ 12. Kxd1 Be7 13. Bb2 Nc6 14. Kc2 b6 15. Rd1 Rd8 16. Rxd8+ Nxd8 17. Bg2 Bb7 18. Bxb7 Nxb7 19. Kb3 Nd6 20. Rc1 Rc8 21. a4 a6 22. b5 axb5 23. Nxb5 Rxc1 24. Bxc1 Ne4 25. Ba3 Kf8 26. Na7 Nd2+ 27. Kc2 {RR} Nc4 1/2-1/2

[Event "Brussels"]
[Site "Brussels"]
[Date "1987.04.24"]
[Round "11"]
[White "Kasparov, Garry"]
[Black "Tal, Mihail"]
[Result "1-0"]
[WhiteElo "2735"]
[BlackElo "2605"]
[Annotator "Nikitin,Aleksander S"]
[PlyCount "61"]
[EventDate "1987.04.10"]
[EventType "tourn"]
[EventRounds "11"]
[EventCountry "BEL"]
[EventCategory "14"]
[SourceTitle "CBM 002"]
[Source "ChessBase"]
[SourceDate "1988.02.01"]
[SourceVersion "1"]
[SourceVersionDate "1988.02.01"]
[SourceQuality "1"]

1. d4 Nf6 2. c4 e6 3. Nc3 Bb4 4. e3 O-O 5. Bd3 d5 6. cxd5 exd5 7. Nge2 c5 8. O-O Nc6 9. a3 cxd4 10. exd4 $5 (10. axb4 dxc3 11. b5 Ne5 12. Nxc3 Bg4 13. f3 d4 14. Bxh7+ Nxh7 15. exd4 Nxf3+ 16. gxf3 Bh3 17. Re1) ({RR} 10. Nb5 Bc5 11. exd4 Be7 12. Bf4 Nh5 13. Bc7 Qd7 14. Nec3 g6 15. Na4 Ng7 16. Bf4 Ne6 17. Be3 Bf6 18. Rc1 Re8 19. b4 Qd8 20. Nc5 a6 21. Nxe6 Bxe6 22. Nc3 Bg7 23. Be2 Qf6 24. Bf3 Rad8 {Al Hosani,O (2261)-Leitao,R (2592) Chess.com INT 2022 ½-½ (39)}) 10... Bxc3 (10... Be7 11. f3 $1 {[%cal Yc1f4,Yd1d2,Yg2g4,Yg1h1,Yf1g1,Ye2g3]}) ({RR} 10... Be7 11. Be3 b6 12. h3 Bb7 13. Ng3 g6 14. f4 Qd7 15. f5 Rac8 16. Qf3 Na5 17. Rae1 Nc4 18. Bg5 Bd8 19. Nd1 Ne4 20. Bxd8 Rfxd8 21. Bxc4 Rxc4 22. fxg6 hxg6 23. Ne3 Rxd4 24. Nef5 Rd2 25. Nh6+ {Bocharov,D (2595)-Nakhapetiane,P (2495) Olginka 2011 1-0 (35)}) 11. bxc3 $1 {[%csl Gd4]} (11. Nxc3 Nxd4 12. Bxh7+ Kxh7 13. Qxd4) 11... Ne7 $146 {[%cal Yc8f5]} (11... h6 12. f3 {[%csl Rh6][%cal Yg2g4,Yg1h1,Yf1g1]}) (11... Bg4 $142 12. Bg5 $1 Qd6 $140 $2 13. Qb1 $1 {[%csl Rb7,Rh7]}) ({RR} 11... Re8 12. Ng3 Be6 13. h3 Rc8 14. Qf3 Ne7 15. Bg5 Ng6 16. Nh5 Rf8 17. Rac1 Qd6 18. Bxf6 {1-0 (18) Holst,C (2159)-Henrichsen,J (1963) Helsingor 2009}) ({RR} 11... h6 12. f3 Na5 13. Kh1 Bd7 14. g4 Qe8 15. Bf4 Qe6 16. Ng3 Rfe8 17. Bf5 Qc6 18. Be5 Bxf5 19. Nxf5 Nc4 20. Bf4 Re6 21. Ra2 Rae8 22. Qc1 Nh7 23. Rg2 Rf6 24. Re1 Rfe6 25. Rgg1 {½-½ (25) Axelsson,U-Andersson,G (2040) Lund 2010}) 12. Qc2 (12. Bg5 Ne4 13. Bh4 Nd6) 12... Bd7 13. Bg5 $1 Ng6 14. f4 h6 (14... Re8 15. f5 Nf8 16. Nf4 Bc6 17. Nh5 N8d7 18. Rf3) 15. Bxf6 Qxf6 16. f5 $1 Ne7 17. Ng3 Nc8 (17... Kh8 {[%cal Ye7g8,Yg8f6]} 18. Nh5 Qg5 19. f6 $1 Qxh5 20. fxe7 Rfe8 21. Rae1 Be6 22. Rxe6 $1 $18) (17... Qg5 18. Rf3 $1) 18. Rf4 $1 (18. Rf3 Kh8) 18... Nd6 (18... Qd6 19. f6 $3 Qxf4 20. Bh7+ Kh8 21. fxg7+ Kxg7 22. Nh5+ Kh8 23. Nxf4 $18) 19. Qf2 $1 Rfe8 (19... Ne8 20. Nh5 Qg5 21. h4 $1 Qxh5 22. g4 $1) (19... Qd8 20. f6 (20. h4 $1) 20... g5 21. Nh5 $1) 20. Nh5 Qd8 21. Nxg7 $1 Ne4 (21... Kxg7 22. f6+ Kh8 23. Qh4) 22. Bxe4 Rxe4 23. f6 Kh7 24. Rxe4 dxe4 25. Qf4 Bc6 26. Re1 $1 (26. Qf5+ Kh8 (26... Kg8 $2 27. Ne6 $1) 27. Rf1 (27. Ne6 $2 fxe6 28. Qg6 Qf8 $1 $17) 27... Qd5) 26... Qf8 27. c4 $1 (27. Re3 Qxa3 28. Rh3 Qa1+ $13) 27... Qxa3 28. Nf5 Qf8 29. Re3 Bd7 30. Rg3 Bxf5 31. Qxf5+ (31. Qxf5+ Kh8 32. Rg7) 1-0

[Event "EuroTel Trophy"]
[Site "Prague"]
[Date "1998.09.12"]
[Round "5"]
[White "Kasparov, Garry"]
[Black "Timman, Jan H"]
[Result "1/2-1/2"]
[WhiteElo "2815"]
[BlackElo "2655"]
[Annotator "Golod,Vitali"]
[PlyCount "56"]
[EventDate "1998.09.06"]
[EventType "match"]
[EventRounds "6"]
[EventCountry "CZE"]
[SourceTitle "CBM 067"]
[Source "ChessBase"]
[SourceDate "1998.11.30"]
[SourceVersion "2"]
[SourceVersionDate "1998.11.01"]
[SourceQuality "1"]

{[%mdl 4124]} 1. d4 {Winants,Luc} Nf6 2. c4 e6 3. Nc3 Bb4 4. Qc2 O-O 5. a3 Bxc3+ 6. Qxc3 b6 7. Bg5 c5 ({Another line is:} 7... Bb7) 8. dxc5 bxc5 9. e3 $5 ({White has several options:} 9. Nf3 $5) (9. Nh3 $5) 9... d6 $5 {This is the usual move.} ({Black has few options} 9... a5 $5) (9... Bb7 $5) (9... Nc6 $5) (9... h6 $5 {(see comments to Kiriakov,P-Epishin,V,Maikop1998(cbm66),1-0(50) Golod,V)}) 10. O-O-O $5 {There are other lines.See comments to Drasko,M-Knezevic,B,Belgrad,1998(cbm64),1-0(42)Gershon,A} Ne4 $142 {Other moves are not actual.} 11. Qd3 ({RR} 11. Qc2 Nxg5 12. h4 f5 ({RR} 12... Nh3 13. Nxh3 Qe7) 13. hxg5 Bb7) ({RR} 11. Bxd8 Nxc3 12. Rxd6 Ne4) 11... Nxf2 (11... Qxg5 $2 12. Qxe4 d5 13. cxd5 Bb7 14. Nh3 $1 $16 {f4(×d5)}) (11... Nxg5 $2 12. h4 $36 {and} Ne4 {worse, because of} 13. Qxe4 Qb6 (13... d5 $2 14. cxd5 Bb7 15. Bd3 g6 16. Bc4) 14. Qxa8 Bb7 15. Rxd6 $1 Nc6 (15... Bxa8 16. Rxb6 axb6 17. Nf3 $16) 16. Qxf8+ Kxf8 17. Nf3 $16) ({RR} 11... Nxg5 12. h4) 12. Bxd8 $8 Nxd3+ 13. Bxd3 Rxd8 14. Be4 d5 15. cxd5 Bb7 $5 (15... f5 $143 16. Bf3 e5 17. d6 (17. e4 $143 Nd7 18. exf5 Nf6 19. g4 Bb7 {/=}) 17... e4 18. Be2 Kf7 19. Nh3 $1 $14) ({RR} 15... f5 16. Bf3 e5 17. d6 e4 18. Be2 Be6 19. Nh3) 16. Ne2 exd5 $5 $146 (16... Nd7 $143 {in view of} 17. dxe6 Bxe4 18. e7 $1 ({RR} 18. exd7 Bxg2 19. Rhg1 Bf3 20. Rge1 Bg4) 18... Re8 19. Rxd7 f6 ({RR} 19... Bxg2 20. Rg1 ({RR} 20. Rhd1 f6 ({RR} 20... Bf3 21. Rd8 f6 22. e4 Bxe4 23. Ng3) 21. Ng3 g6) 20... Bc6 ({RR} 20... Be4 21. Ng3 Bg6 22. Rgd1) ({RR} 20... Bh3 21. Rc7 f6 22. Nc3) 21. Rc7 Rec8 ({RR} 21... Bf3 22. Ng3) 22. Rxc8+ ({RR} 22. Rd1 Rxc7 23. Rd8+ Be8 24. Rxa8 Rxe7) 22... Rxc8 23. Rd1 Re8 24. Rd6 Bf3 25. Ng3 ({RR} 25. Rd8 Bc6 26. b4 ({RR} 26. Ng3 f6 27. Nf5 Kf7 28. Nd6+ Kxe7) 26... f6 ({RR} 26... cxb4 27. Nd4 Ba4 28. Nf5) 27. bxc5 Kf7 28. Nd4 Be4 29. Nb5 Rxe7 30. Nd6+ Kg6) 25... f6 ({RR} 25... g6 26. Rd8 Bc6 27. Ne4 Kg7 28. Rxe8 Bxe8 29. Nd6) 26. Nf5 Kf7 ({RR} 26... a5 27. Rd7 Bg4 28. Rd8 Kf7 29. Nd6+ Kxe7 30. Rxe8+ Kxd6 31. Ra8) 27. Rd2 Rxe7 28. Nxe7 Kxe7 29. Kc2) 20. Ng3 Bg6 ({RR} 20... Bxg2 21. Rg1 Bc6 ({RR} 21... Bh3 22. Rb7 ({RR} 22. Rc7 Rac8 23. Rxa7 Kf7 24. Ne4 Rc6) 22... Rab8 ({RR} 22... Kf7 23. Ne4 Rxe7 24. Rxe7+ Kxe7 25. Rxg7+ Ke6 26. Rxh7) ({RR} 22... Reb8 23. Rc7 Rc8 24. Rxc8+ Rxc8 25. Ne4) 23. Rxa7 Kf7 24. Ne4 Rb6 25. Nxc5) 22. Rc7 Rec8 23. Rxc8+ Rxc8 24. Nf5 g6 25. Nd6 Ra8 26. Rg4) 21. h4 h6 ({RR} 21... h5 22. Rhd1 Kf7 23. R1d5) 22. h5 Bh7 23. Rh4 $16 Kf7 24. Rc4 Rxe7 25. Rxe7+ Kxe7 26. Rxc5 Kd6 27. b4 Re8 28. Kd2 Re5 29. Rxe5 Kxe5 30. a4 Bg8 31. b5 Bb3 ({RR} 31... Bd5 32. e4 Bxe4 33. Nxe4 Kxe4 34. Kc3 Kd5 35. Kb4 Kd6 36. a5 ({RR} 36. Ka5) 36... Kc7 37. Kc5 Kb7 38. g4 Kc7 39. b6+ axb6+ 40. axb6+ Kb7 41. Kb5 Kb8 42. Kc6 Kc8 43. b7+ ({RR} 43. Kd6) 43... Kb8 44. Kb6 f5 45. gxf5 g6 46. hxg6) 32. a5 Bc4 33. b6 axb6 34. axb6 Bd5 35. e4 Bb7 36. Ke3 Bc6 37. Nf5 Bxe4 38. g4 {1-0 Kasparov,G-Panno,O/Buenos Aires 1997/EXT 97 (38)}) ({RR} 16... Nd7 17. dxe6 Bxe4 18. e7 Re8 19. Rxd7 f6 20. Ng3 Bg6 21. h4 h6 22. h5 Bh7 23. Rh4 Kf7 24. Rc4 Rxe7 25. Rxe7+ Kxe7 26. Rxc5 Kd6 27. b4 Re8 28. Kd2 Re5 29. Rxe5 Kxe5 30. a4 Bg8 31. b5 {Kasparov,G (2820)-Panno,O (2450) Buenos Aires 1997 CBM 061 [Winants,Luc] 1-0 (38)}) 17. Nc3 $146 (17. Nf4 $144) ({RR} 17. Bxd5 Bxd5 18. e4 Nd7 19. exd5 Nf6 20. Nc3 Rd6 21. Rhe1 Kf8 22. Re2 a6 23. h3 Rad8 24. g4 h6 25. Re3 g6 26. Re2 R8d7 {½-½ (26) Turova,I (2379)-Javakhishvili,L (2444) Ekaterinburg 2006}) 17... Nc6 $5 (17... Nd7 $6 18. Bxd5 Rab8 (18... Bxd5 19. Rxd5 $14 {[%csl Rc5][%cal Gh1d1]}) 19. Rhf1 $5 {[%csl Rf7]} Bxd5 20. Rxd5 $14) ({RR} 17... Nd7 18. Bxd5 Bxd5 19. Rxd5) 18. Bxd5 $140 (18. Nxd5 $6 Rab8 $11) (18. Rxd5 $6 Na5 19. Rxd8+ (19. Rxc5 $4 Nb3+ 20. Kc2 Nxc5 $19) 19... Rxd8 $11) 18... Na5 19. Bxb7 (19. Rhf1 $5 Bxd5 20. Nxd5 Nb3+ $5 (20... Rab8 $142 $5) (20... Nc6 $6 21. Rf2 $5 $14 {[%csl Rc5][%cal Gf2c2]}) (20... Kf8 $6 21. Nc7 Rxd1+ 22. Rxd1 $14) 21. Kc2 Nd4+ 22. exd4 Rxd5 23. dxc5 Rxc5+ 24. Kb1 Rc7 25. Rd6 Kf8 {/=}) 19... Nxb7 $11 20. Rhf1 $5 {f4(f5)} (20. Rd5 Rxd5 21. Nxd5 Rd8 22. Rd1 Kf8 $11) 20... Kf8 21. Kc2 Rac8 $5 {22..e723.Nd5+e6(×c7)} 22. Rxd8+ Rxd8 23. Rf5 Ke7 {[%csl Rd5][%cal Ge7e6]} 24. Ne4 Rc8 25. Rg5 Kf8 (25... g6 $2 26. Re5+ Kd7 (26... Kf8 27. g4 $5 h6 28. Kc3 $14) 27. g4 $1 $14) 26. Rd5 (26. Kc3 $5 Re8 27. Nxc5 (27. Kd3 Rd8+ 28. Kc4 Rb8 $1 $11) 27... h6 $5 28. Rd5 (28. Nd7+ $4 Ke7 29. Rd5 (29. Rb5 Nd6 $19) 29... Rd8 $19) 28... Nxc5 29. Rxc5 Rxe3+ 30. Kd2 Rb3 31. Kc2 Re3 $1 $11 (31... Rb7 $143 32. b4 $14)) 26... Ke7 27. Re5+ Kd7 28. g4 f6 (28... f6 29. Rh5 h6 $11) 1/2-1/2